Among Us Eligella - Statistiken

Allgemein
  • Dieses Quiz wurde 217 mal gespielt
  • Das Durchschnittsergebnis liegt bei 13 aus 69
Antwortstatistiken
Teilnahmen Person Beruf % Korrekt
76 Willy Fussballer/Streamer
83%
83 Eldos E-Sportler
74%
44 Solution/Danny Streamer
60%
14 Mert Rapper
58%
8 Trymacs Streamer
56%
6 Monte Streamer
51%
16 Honeypuu Streamer
46%
18 Musti E-Sportler
46%
7 Mcky Streamer
45%
35 Riirex Streamer
42%
10 Rohat Streamer
40%
19 Seyyn Streamer
38%
3 Knossi Streamer
37%
70 Koray Mitarbeiter Eli
36%
10 Ediz Athlet
35%
40 Sidney Friede Streamer
35%
67 MoAuba E-Sportler
31%
6 Nico Schlotterbeck Fussballer
31%
1 Papaplatte Streamer
29%
8 Fibi Streamer
26%
1 Kevin Pannewitz Ex-Fussballer
26%
20 Mehdi Streamer
26%
20 Kuba E-Sportler
24%
11 Hamedloco Streamer
20%
5 Rezon E-Sportler
17%
7 Unsympathisch Streamer
17%
1 BastiGHG Streamer
16%
5 Rewi Streamer
16%
1 Karim Adeyemi Fussballer
14%
4 Fabo Streamer
13%
13 Repaz Streamer
13%
13 Chefstrobel Streamer
12%
39 Omed Youtuber
12%
1 Abugoku Streamer
11%
4 Bilal Streamer
11%
5 LetsHugo Streamer
11%
15 Umut E-Sportler
11%
4 Dullenmike E-Sportler
10%
1 Rumathra Streamer
10%
19 Kalle Sänger
9%
4 Erne E-Sportler
8%
3 Stegi Streamer
7%
1 Dilara Streamer
6%
4 Vadi Gründer
6%
16 Ikenna Fussballer
5%
4 Jordan Torunarigha Fussballer
5%
1 Valentino Lazaro Fussballer
5%
6 Ahmet Mitarbeiter Eli
4%
11 Bucher E-Sportler
3%
2 Prownez E-Sportler
3%
2 Benji Youtuber
2%
13 DanielLump Streamer
2%
1 Jessic Ngankam Fussballer
2%
3 Marlon Morgenstern Fussballer
2%
1 Maurice Covic Fussballer
2%
17 Michael Kyeremeh Delay Sports Spieler
2%
20 Mika Freund Eli
2%
2 Noway Streamer
2%
4 Pain Streamer
2%
2 Phil Freund Eli
2%
1 Bossio E-Sportler
1%
1 CommanderKrieger Streamer
1%
2 Jenzoou Streamer
1%
2 Jushi Streamer
1%
3 Karma E-Sportler
1%
6 Qseng Streamer
1%
2 Ziran E-Sportler
1%
2 Tino 41 Gründer
0%
1 Tolkin Streamer
0%
Keine übereinstimmenden Quizze gefunden
Verteilung der Resultate
Anzahl Personen mit jedem Resultat
Perzentil nach korrekt beantworteten Fragen
Ihre Resultats-Entwicklung
Sie haben dieses Quiz noch nicht gespielt